Brunner & Suddarth's Textbook of medical-Surgical Nursing. / (Record no. 4682)
[ view plain ]
| 000 -LEADER | |
|---|---|
| fixed length control field | 01252cam a22003012 4500 |
| 001 - CONTROL NUMBER | |
| control field | 0000025292 |
| 005 - DATE AND TIME OF LATEST TRANSACTION | |
| control field | 20151217145957.0 |
| 008 - FIXED-LENGTH DATA ELEMENTS--GENERAL INFORMATION | |
| fixed length control field | 150605s xxa 000 0 eng d |
| 020 ## - INTERNATIONAL STANDARD BOOK NUMBER | |
| Terms of availability | 1451130607 |
| 040 ## - CATALOGING SOURCE | |
| Original cataloging agency | KABU |
| Transcribing agency | KABU |
| 100 1# - MAIN ENTRY--PERSONAL NAME | |
| Personal name | Hinkle, Junice L. |
| -- | 0000185851 |
| 245 10 - TITLE STATEMENT | |
| Title | Brunner & Suddarth's Textbook of medical-Surgical Nursing. / |
| Statement of responsibility, etc. | by Janice L. Hinkle, Kerry H.Cheever. |
| 260 ## - PUBLICATION, DISTRIBUTION, ETC. (IMPRINT) | |
| Place of publication, distribution, etc. | Philadelphia. : |
| Name of publisher, distributor, etc. | Wolters Kluwer, |
| Date of publication, distribution, etc. | 2014. |
| 300 ## - PHYSICAL DESCRIPTION | |
| Extent | 1 vol. (various paging). |
| 650 #0 - SUBJECT ADDED ENTRY--TOPICAL TERM | |
| Topical term or geographic name as entry element | Nursing care. |
| -- | 0000179336 |
| 650 #0 - SUBJECT ADDED ENTRY--TOPICAL TERM | |
| Topical term or geographic name as entry element | Perioperative nursing. |
| -- | 0000185852 |
| 700 1# - ADDED ENTRY--PERSONAL NAME | |
| Personal name | Cheever, Kerry H. |
| -- | 0000185853 |
| 852 1# - LOCATION | |
| -- | p7261.80 KES |
| 852 1# - LOCATION | |
| -- | p7261.80 KES |
| 852 1# - LOCATION | |
| -- | p7261.80 KES |
| 852 1# - LOCATION | |
| -- | p7261.80 KES |
| 852 1# - LOCATION | |
| -- | p7261.80 KES |
| 852 1# - LOCATION | |
| -- | p7261.80 KES |
| 852 1# - LOCATION | |
| -- | p7261.80 KES |
| 852 1# - LOCATION | |
| -- | p7261.80 KES |
| 908 ## - PUT COMMAND PARAMETER (RLIN) | |
| Put command parameter | 150605 |
| 950 ## - LOCAL HOLDINGS (RLIN) | |
| -- | 1 |
| Withdrawn status | Lost status | Source of classification or shelving scheme | Not for loan | Home library | Current library | Date acquired | Total Checkouts | Total Renewals | Full call number | Barcode | Date last seen | Date last checked out | Price effective from | Koha item type | Cost, normal purchase price | Inventory number | Copy number |
|---|---|---|---|---|---|---|---|---|---|---|---|---|---|---|---|---|---|
| Library of Congress Classification | Kabarak, Main Campus | Kabarak, Main Campus | 17/12/2015 | 20 | 2 | RT 41 .B78 2014 c. 2 | 016674 | 22/08/2024 | 19/06/2024 | 17/12/2015 | General Collection | ||||||
| Library of Congress Classification | Kabarak, Main Campus | Kabarak, Main Campus | 17/12/2015 | 12 | 4 | RT 41 .B78 2014 c. 3 | 016676 | 11/02/2025 | 28/01/2025 | 17/12/2015 | General Collection | ||||||
| Library of Congress Classification | Kabarak, Main Campus | Kabarak, Main Campus | 17/12/2015 | 10 | 1 | RT 41 .B78 2014 c. 4 | 016561 | 09/11/2020 | 22/10/2020 | 17/12/2015 | General Collection | ||||||
| Library of Congress Classification | Kabarak, Main Campus | Kabarak, Main Campus | 17/12/2015 | 10 | RT 41 .B78 2014 c. 5 | 016556 | 19/09/2022 | 17/09/2022 | 17/12/2015 | General Collection | |||||||
| Library of Congress Classification | Kabarak, Main Campus | Kabarak, Main Campus | 17/12/2015 | 9 | RT 41 .B78 2014 c. 6 | 016557 | 25/11/2020 | 13/03/2020 | 17/12/2015 | General Collection | |||||||
| Library of Congress Classification | Kabarak, Main Campus | Kabarak, Main Campus | 17/12/2015 | 18 | 2 | RT 41 .B78 2014 c. 9 | 016615 | 29/01/2026 | 15/09/2025 | 17/12/2015 | General Collection | ||||||
| Library of Congress Classification | Kabarak, Main Campus | Kabarak, Main Campus | 17/12/2015 | 15 | 4 | RT 41 .B78 2014 c. 10 | 016602 | 18/08/2023 | 15/06/2023 | 17/12/2015 | General Collection | ||||||
| Library of Congress Classification | Kabarak, Main Campus | Kabarak, Main Campus | 17/12/2015 | 6 | RT 41 .B78 2014 c. 1 | 016677 | 26/06/2023 | 12/06/2023 | 17/12/2015 | General Collection | |||||||
| Library of Congress Classification | Kabarak, Main Campus | Kabarak, Main Campus | 17/12/2015 | 15 | 4 | RT 41 .B78 2014 c. 11 | 024548 | 18/03/2025 | 18/02/2025 | 17/12/2015 | General Collection | 8750.00 | 2018/0715 | C. 11 |